| 000 | 00958nas a2200253Ia 4500 | ||
|---|---|---|---|
| 001 | R065/E9665 | ||
| 003 | IT-RoPAU | ||
| 008 | 151124c99999999xx |||||||||||| ||und|| | ||
| 040 | _aIT-RoPAU | ||
| 040 | _cIT-RoPAU | ||
| 041 | _aITALIANO | ||
| 100 |
_aArgentieri Simona _gCodice Aut. SPICS: 17648 |
||
| 210 | _aRAGAZZO SELVAGGIO (IL) | ||
| 222 | _aRagazzo Selvaggio (Il) | ||
| 245 |
_aRAGAZZO SELVAGGIO (IL), NUOVA SERIE, ANNO 13-N.4/5 (LUGLIO/OTTOBRE 1997) _bCamera Verde (La) E L'Uomo Che Amava Le Donne di Francois Truffaut |
||
| 250 | _a1a ed. | ||
| 260 |
_aBERGAMO _bMORETTI & VITALI _c1997 |
||
| 501 |
_bPaulus - SPICS - Società San Paolo EM (non-commercial uses only) _cCopyright2015 |
||
| 300 | _a7 p. [35-41] | ||
| 362 | _aANNO 013, N.4/5 (LUGLIO/OTTOBRE 1997) | ||
| 500 | _aSchede e Recensione dei Due Film di Francois Truffaut: la Camera Verde e L'Uomo che Amava le Donne. | ||
| 650 |
_aCINEMA _vPUBBLICAZIONE PERIODICA |
||
| 942 | _cCR | ||
| 999 |
_c132877 _d132877 |
||